000 00431nam a2200157 i 4500
001 88590
003 ES-MaACL
005 20230906175904.0
007 t|
008 050105s1969 sp ||||1| spa d
100 1 _aLambert, Bernard.
_969806
245 1 4 _aLas dos vías de la Teología /
_cBernard Lambert.
260 _aAlgorta (Vizcaya) :
_bZero,
_c[1969]
300 _a53 p. ;
_c17 cm.
852 _aES-MaACL
_j2064-F-12
_bR.70884
999 _c88590
_d88590